An American lady in Paris, 1828-1829 : (Record no. 15502)
[ view plain ]
| 000 -LEADER | |
|---|---|
| fixed length control field | 01313cam a22003491i 4500 |
| 001 - CONTROL NUMBER | |
| control field | 8738673 |
| 003 - CONTROL NUMBER IDENTIFIER | |
| control field | EG-ScBUE |
| 005 - DATE AND TIME OF LATEST TRANSACTION | |
| control field | 20240703084927.0 |
| 008 - FIXED-LENGTH DATA ELEMENTS--GENERAL INFORMATION | |
| fixed length control field | 721229s1927 maucf f 000 0deng d |
| 020 ## - INTERNATIONAL STANDARD BOOK NUMBER | |
| International Standard Book Number | 1163142182 |
| 020 ## - INTERNATIONAL STANDARD BOOK NUMBER | |
| International Standard Book Number | 9781163142189 |
| 035 ## - SYSTEM CONTROL NUMBER | |
| System control number | (OCoLC)526406 |
| 040 ## - CATALOGING SOURCE | |
| Original cataloging agency | DLC |
| Language of cataloging | eng |
| Description conventions | rda |
| Transcribing agency | OAU |
| Modifying agency | DLC |
| -- | EG-ScBUE |
| 043 ## - GEOGRAPHIC AREA CODE | |
| Geographic area code | n-us--- |
| -- | e-fr--- |
| 082 04 - DEWEY DECIMAL CLASSIFICATION NUMBER | |
| Edition number | 22 |
| Classification number | 973.5092 |
| Item number | MAY |
| 100 1# - MAIN ENTRY--PERSONAL NAME | |
| Personal name | Mayo, Abigail De Hart, |
| Dates associated with a name | 1761-1843, |
| Relator term | author. |
| 9 (RLIN) | 24557 |
| 245 13 - TITLE STATEMENT | |
| Title | An American lady in Paris, 1828-1829 : |
| Remainder of title | the diary of Mrs. John Mayo / |
| Statement of responsibility, etc | eited by Mary Mayo Crenshaw. |
| 264 #1 - PUBLICATION, DISTRIBUTION, ETC. (IMPRINT) | |
| Place of publication, distribution, etc | Boston ; |
| -- | New York : |
| Name of publisher, distributor, etc | Houghton Mifflin company, |
| Date of publication, distribution, etc | 1927. |
| 300 ## - PHYSICAL DESCRIPTION | |
| Extent | xvii, 144 pages : |
| Other physical details | plates, portraits ; |
| Dimensions | 23 cm |
| 336 ## - CONTENT TYPE | |
| Source | rdacontent |
| Content type term | text |
| Content type code | txt |
| 337 ## - MEDIA TYPE | |
| Media type term | unmediated |
| Source | rdamedia |
| Media type code | n |
| 338 ## - CARRIER TYPE | |
| Carrier type term | volume |
| Carrier type code | nc |
| Source | rdacarrier |
| 600 17 - SUBJECT ADDED ENTRY--PERSONAL NAME | |
| 9 (RLIN) | 24557 |
| Personal name | Mayo, Abigail De Hart, |
| Dates associated with a name | 1761-1843. |
| Source of heading or term | BUEsh |
| 650 #7 - SUBJECT ADDED ENTRY--TOPICAL TERM | |
| Topical term or geographic name as entry element | Americans |
| Geographic subdivision | France |
| -- | Paris |
| General subdivision | History |
| Chronological subdivision | 19th century. |
| Source of heading or term | BUEsh |
| 9 (RLIN) | 24558 |
| 651 #7 - SUBJECT ADDED ENTRY--GEOGRAPHIC NAME | |
| Geographic name | Paris (France) |
| General subdivision | Description and travel. |
| Source of heading or term | BUEsh |
| 9 (RLIN) | 24559 |
| 651 #7 - SUBJECT ADDED ENTRY--GEOGRAPHIC NAME | |
| Geographic name | Paris (France) |
| General subdivision | Social life and customs |
| Chronological subdivision | 19th century. |
| Source of heading or term | BUEsh |
| 9 (RLIN) | 24560 |
| 653 ## - INDEX TERM--UNCONTROLLED | |
| Arrived date list | June2011 |
| 655 ## - INDEX TERM--GENRE/FORM | |
| Form subdivision | Reading book |
| 700 1# - ADDED ENTRY--PERSONAL NAME | |
| Personal name | Crenshaw, Mary Mayo, |
| Relator term | editor. |
| 9 (RLIN) | 24561 |
| 856 41 - ELECTRONIC LOCATION AND ACCESS | |
| Path | gcfr |
| Electronic name | 0042 |
| Electronic format type | o |
| Uniform Resource Identifier | <a href="http://hdl.loc.gov/loc.gdc/gcfr.0042">http://hdl.loc.gov/loc.gdc/gcfr.0042</a> |
| 942 ## - ADDED ENTRY ELEMENTS (KOHA) | |
| Source of classification or shelving scheme | Dewey Decimal Classification |
| Koha item type | Book - Borrowing |
| Withdrawn status | Lost status | Source of classification or shelving scheme | Damaged status | Not for loan | Collection code | Home library | Current library | Shelving location | Date acquired | Source of acquisition | Cost, normal purchase price | Serial Enumeration / chronology | Total Checkouts | Full call number | Barcode | Date last seen | Price effective from | Koha item type |
|---|---|---|---|---|---|---|---|---|---|---|---|---|---|---|---|---|---|---|
| Dewey Decimal Classification | Baccah | Central Library | Central Library | Second Floor | 01/06/2011 | Purchase | 207.00 | 12344 | 973.5092 MAY | 000023975 | 15/07/2025 | 01/06/2011 | Book - Borrowing |